00846 a2200241 4500999001700000003000500017005001700022008004100039020001500080020001800095082001100113100002400124245013200148250001200280260004300292300002200335490003700357700001800394700002100412830003800433942002900471952010400500 c29042d29042NUST20180118154424.0180118b xxu||||| |||| 00| 0 eng d a1584884487 a978158488448404a516.361 aGray, Alfred.9888610aModern differential geometry of curves and surfaces with mathematica, third edition /cAlfred Gray, Elsa Abbena, Simon Salamon. a3rd ed. a[S.l.] :bChapman and Hall/CRC,c2006. a1016 p. ;c26 cm.1 aStudies in advanced mathematics. aAbbena,98887 aSalamon, S98888 aStudies in advanced mathema98889 aSNScBKk516.36 GRA2ddc 00104070aSNSbSNSd2016-05-26l1o516.36 GRApSNS0000336r2017-12-26s2017-11-24w2016-05-26yBK